White niggers of America
Saved in:
| Main Author: | |
|---|---|
| Format: | Book |
| Language: | English |
| Published: |
Toronto :
McClelland and Stewart,
[c1971]
|
| Subjects: | |
| Tags: |
Add Tag
No Tags, Be the first to tag this record!
|
MARC
| LEADER | 00000cam a2200000 a 4500 | ||
|---|---|---|---|
| 001 | 1/116848 | ||
| 008 | 180618s1971####onc| ||| |||| ||eng|| | ||
| 020 | |a 0771086709 | ||
| 040 | |a GR-MyUa |b gre |c GR-MyUa |e AACR2 | ||
| 041 | 0 | |a eng | |
| 082 | 7 | |a 322.420924 |2 (23) | |
| 100 | 1 | |a Vallières, Pierre. | |
| 245 | 1 | 0 | |a White niggers of America / |c by Pierre Vallieres ; translated by Joan Pinkham. |
| 260 | |a Toronto : |b McClelland and Stewart, |c [c1971] | ||
| 300 | |a 278 σ. ; |c 22 εκ. | ||
| 500 | |a Μετάφραση του: Nègres blancs d'Amérique: autobiographie précoce d'un terroriste québécois. | ||
| 650 | 0 | |a French-Canadians. | |
| 651 | 0 | |a Quebec (Province) |x History |x Autonomy and independence movements. | |
| 651 | 0 | |a Quebec (Province) |x Social conditions. | |
| 852 | |a INST |b LESVOS |e 20180618 |h 322.420924 VAL |p 005100060490 |q 005100060490 |t BK |y 0 | ||
| 970 | |a Τζαφέρη |b Ευαγγελία |z 18-06-2018 | ||